[Event "Women's Speed Chess Q4"]
[Site "chess.com INT"]
[Date "2021.06.03"]
[Round "2"]
[White "Enkhtuul, Altan-Ulzii"]
[Black "Nguyen, Thi Mai Hung"]
[Result "0-1"]
[WhiteTitle "WGM"]
[BlackTitle "WGM"]
[WhiteElo "2228"]
[BlackElo "2254"]
[WhiteFideId "4901444"]
[BlackFideId "12401676"]
[EventDate "2021.06.03"]

1. d4 d5 2. Nf3 Nf6 3. g3 Bf5 4. Bg2 e6 5. O-O c6 6. Nbd2 h6 7. c4 Nbd7 8. b3
Bd6 9. Bb2 Qb8 10. Nh4 Bh7 11. f4 O-O 12. Qe1 Ne4 13. Nxe4 Bxe4 14. Nf3 c5 15.
Nd2 Bxg2 16. Kxg2 a5 17. e4 cxd4 18. Bxd4 dxe4 19. Nxe4 Bb4 20. Bc3 Bxc3 21.
Nxc3 Rd8 22. Rd1 Nf6 23. Qe2 b6 24. Qf3 Qc7 25. Rxd8+ Rxd8 26. Rd1 Rxd1 27. Qxd1
Qc6+ 28. Qf3 Qd6 29. Qd1 Qxd1 30. Nxd1 Kf8 31. Kf3 Ke7 32. Nc3 Kd6 33. a3 Kc5
34. Na4+ Kc6 35. b4 axb4 36. axb4 b5 37. Nb2 bxc4 38. Nxc4 Nd7 39. Ke4 f6 40.
Nb2 Kb5 41. Nd3 Kc4 42. f5 e5 43. g4 Nb6 44. Nc5 Nd5 45. Ne6 Nc3+ 46. Ke3 Kxb4
47. Nxg7 Kc4 48. Nh5 Nd5+ 49. Ke4 Kc5 50. h3 Kd6 51. Ng7 Nf4 52. Ne8+ Ke7 53.
Nc7 Nxh3 54. Nd5+ Kf7 55. Kf3 Ng5+ 56. Ke3 Nh7 57. Ke4 Ke8 58. Nc7+ Kd7 59. Nd5
Kd6 60. Nb6 Ng5+ 61. Ke3 Nf7 62. Ke4 Ng5+ 63. Ke3 Nh3 64. Ke4 Nf4 65. Nc4+ Kc5
66. Ne3 Kd6 67. Nc4+ Ke7 68. Nb6 Kf7 69. Nc4 Nh3 70. Nd6+ Ke7 71. Nc4 Nf2+ 72.
Kf3 Nd3 73. Ke4 Nb4 74. Nb6 Kf7 75. Nd7 Nc6 76. Nc5 Nd4 77. Nd3 Ne2 78. Kf3 Nc3
79. Nc5 Ke7 80. Ke3 Kd6 81. Nb7+ Kd5 82. Nd8 Nd1+ 83. Kd2 Nf2 84. g5 hxg5 85.
Nf7 Ne4+ 86. Ke3 Nd6 87. Nh6 Nc4+ 88. Kf3 e4+ 89. Ke2 Ke5 90. Kf2 Nd6 91. Ke3
Nxf5+ 92. Nxf5 Kxf5 93. Ke2 Kf4 94. Kf2 f5 95. Ke2 g4 96. Kf2 e3+ 97. Kg2 Ke4
98. Kg1 f4 99. Kf1 f3 100. Ke1 Kf4 101. Kf1 g3 102. Kg1 g2 103. Kh2 Ke4 104. Kg1
Kd3 105. Kh2 Ke2 106. Kg1 f2+ 107. Kh2 f1=Q 108. Kg3 Qf2+ 109. Kh3 Qf3+ 110. Kh2
Qh5+ 111. Kg1 Qh1# 0-1

[Event "Women's Speed Chess Q4"]
[Site "chess.com INT"]
[Date "2021.06.03"]
[Round "3"]
[White "Cori T., Deysi"]
[Black "Rakshitta, Ravi"]
[Result "1-0"]
[WhiteTitle "WGM"]
[BlackTitle "WIM"]
[WhiteElo "2388"]
[BlackElo "2190"]
[WhiteFideId "3801934"]
[BlackFideId "25073230"]
[EventDate "2021.06.03"]

1. Nf3 Nf6 2. e3 g6 3. b3 Bg7 4. Bb2 O-O 5. c4 d6 6. d4 a5 7. Nc3 Nbd7 8. Be2
Nb6 9. O-O a4 10. bxa4 Bd7 11. Qd2 Nxa4 12. Nxa4 Bxa4 13. Rfc1 Ne4 14. Qb4 b6
15. Bd3 Nf6 16. Rab1 Qd7 17. h3 Bc6 18. d5 Bb7 19. e4 Rxa2 20. e5 dxe5 21. Nxe5
Qa4 22. Qxe7 Rc8 23. Qxf7+ Kh8 24. Nxg6+ hxg6 25. Bxf6 Rg8 26. Qxg6 1-0

[Event "Women's Speed Chess Q4"]
[Site "chess.com INT"]
[Date "2021.06.03"]
[Round "3"]
[White "Mkrtchian, Lilit"]
[Black "Kanyamarala, Trisha"]
[Result "1-0"]
[WhiteTitle "IM"]
[BlackTitle "WIM"]
[WhiteElo "2388"]
[BlackElo "2180"]
[WhiteFideId "13300601"]
[BlackFideId "45004722"]
[EventDate "2021.06.03"]

1. e4 c5 2. Nc3 Nc6 3. Nge2 Nf6 4. g3 d6 5. Bg2 g6 6. O-O Bg7 7. d3 O-O 8. h3
Rb8 9. Be3 a6 10. Qd2 Re8 11. f4 Qc7 12. g4 e6 13. f5 exf5 14. exf5 Qe7 15. Bg5
Qe5 16. Rae1 c4 17. d4 Qa5 18. fxg6 fxg6 19. Bxf6 Bxf6 20. Rxf6 Bd7 21. Qh6 Re7
22. Bd5+ Kh8 23. Rf8+ 1-0

[Event "Women's Speed Chess Q4"]
[Site "chess.com INT"]
[Date "2021.06.03"]
[Round "3"]
[White "Yu, Jennifer"]
[Black "Luong, Phuong Hanh"]
[Result "1-0"]
[WhiteTitle "FM"]
[BlackTitle "WIM"]
[WhiteElo "2312"]
[BlackElo "2229"]
[WhiteFideId "2078341"]
[BlackFideId "12401013"]
[EventDate "2021.06.03"]

1. d4 Nf6 2. c4 g6 3. g3 c6 4. Bg2 d5 5. cxd5 cxd5 6. Nc3 Bg7 7. Nf3 O-O 8. O-O
Nc6 9. Ne5 Ng4 10. Nxc6 bxc6 11. h3 Nf6 12. Bf4 Qb6 13. Na4 Qb5 14. Rc1 Nd7 15.
e3 Ba6 16. Re1 Qb7 17. e4 e6 18. exd5 cxd5 19. Rc7 Qb4 20. a3 Qxd4 21. Qxd4 Bxd4
22. Rxd7 Bb5 23. Rb7 Bxa4 24. Rb4 Bxf2+ 25. Kxf2 Bd7 26. Rc1 Rfc8 27. Rc7 Rxc7
28. Bxc7 Rc8 29. Rb7 a6 30. Bf1 Bb5 31. Bxb5 axb5 32. Ke3 Kg7 33. Be5+ Kh6 34.
Rxb5 1-0

[Event "Women's Speed Chess Q4"]
[Site "chess.com INT"]
[Date "2021.06.03"]
[Round "3"]
[White "Batsiashvili, Nino"]
[Black "Purtseladze, Maka"]
[Result "0-1"]
[WhiteTitle "GM"]
[BlackTitle "IM"]
[WhiteElo "2491"]
[BlackElo "2274"]
[WhiteFideId "13602993"]
[BlackFideId "13602659"]
[EventDate "2021.06.03"]

1. d4 Nf6 2. c4 e6 3. Nc3 d5 4. Nf3 Bb4 5. g3 Nbd7 6. Bg2 O-O 7. O-O Bxc3 8.
bxc3 dxc4 9. a4 a5 10. Ba3 Re8 11. e3 Nb6 12. Ne5 Nfd5 13. Qc2 f6 14. Nf3 Bd7
15. Rfd1 Bxa4 16. Qb2 Bxd1 17. Rxd1 Na4 18. Qc2 Ndxc3 19. Ra1 b5 20. Nd2 Rb8 21.
Bc6 Rb6 22. Bxe8 Qxe8 23. Bc5 Rb8 24. Ba3 Qc6 25. e4 Ne2+ 26. Kg2 Nxd4 27. Qd1
Nc3 28. Qg4 f5 29. Qf4 Nxe4 30. Nxe4 Qxe4+ 31. Qxe4 fxe4 32. Bb2 Nb3 33. Re1 b4
34. Rxe4 c3 35. Re3 cxb2 36. Rxb3 a4 37. Rxb2 b3 0-1

[Event "Women's Speed Chess Q4"]
[Site "chess.com INT"]
[Date "2021.06.03"]
[Round "3"]
[White "Osmak, Iulija"]
[Black "Bommini, Mounika Akshaya"]
[Result "1-0"]
[WhiteTitle "IM"]
[BlackTitle "WFM"]
[WhiteElo "2425"]
[BlackElo "2029"]
[WhiteFideId "14101602"]
[BlackFideId "25019872"]
[EventDate "2021.06.03"]

1. b4 e5 2. Bb2 f6 3. b5 d5 4. e3 Bd6 5. Nf3 Ne7 6. c4 c6 7. d4 e4 8. Nfd2 O-O
9. Nc3 Be6 10. Qb3 f5 11. g3 Nd7 12. a4 Qe8 13. Ba3 Bxa3 14. Qxa3 g5 15. h4 h6
16. Be2 Kg7 17. Rb1 Qf7 18. Qd6 Rad8 19. bxc6 bxc6 20. Rb7 Rfe8 21. hxg5 hxg5
22. Bh5 Qf6 23. Bxe8 Rxe8 24. cxd5 cxd5 25. Rxd7 1-0

[Event "Women's Speed Chess Q4"]
[Site "chess.com INT"]
[Date "2021.06.03"]
[Round "3"]
[White "Mamedjarova, Turkan"]
[Black "Mohota, Nisha"]
[Result "0-1"]
[WhiteTitle "WGM"]
[BlackTitle "IM"]
[WhiteElo "2309"]
[BlackElo "2195"]
[WhiteFideId "13402005"]
[BlackFideId "5004330"]
[EventDate "2021.06.03"]

1. d4 d5 2. Nf3 Nf6 3. Bf4 c5 4. e3 Nc6 5. c3 Qb6 6. Qc2 Bf5 7. Qb3 c4 8. Qxb6
axb6 9. Na3 e6 10. Nb5 Ra5 11. Nd6+ Bxd6 12. Bxd6 Kd7 13. Ba3 b5 14. Ne5+ Nxe5
15. dxe5 Ne4 16. Rc1 Rc8 17. Be2 b6 18. h4 h6 19. g4 Bh7 20. g5 hxg5 21. hxg5
Bg6 22. Rg1 Nc5 23. Bxc5 bxc5 24. a3 b4 25. axb4 cxb4 26. Bd1 Ra2 27. cxb4 Rxb2
28. Ba4+ Ke7 0-1

[Event "Women's Speed Chess Q4"]
[Site "chess.com INT"]
[Date "2021.06.03"]
[Round "3"]
[White "Tarini, Goyal"]
[Black "Daulyte-Cornette, Deimante"]
[Result "0-1"]
[WhiteTitle "WFM"]
[BlackTitle "IM"]
[WhiteElo "2164"]
[BlackElo "2387"]
[WhiteFideId "5082749"]
[BlackFideId "12802859"]
[EventDate "2021.06.03"]

1. d4 d6 2. Nf3 Nf6 3. c4 g6 4. Nc3 Bf5 5. g3 Bg7 6. Bg2 Ne4 7. Nh4 Nxc3 8. bxc3
Bc8 9. O-O O-O 10. Be3 c6 11. Qd2 Re8 12. Nf3 Nd7 13. Bh6 Bh8 14. e4 Nb6 15. Ng5
Nxc4 16. Qe2 Nb6 17. e5 e6 18. Qf3 Re7 19. Qg4 dxe5 0-1

[Event "Women's Speed Chess Q4"]
[Site "chess.com INT"]
[Date "2021.06.03"]
[Round "3"]
[White "Farhat Willemstein, Stela Souza"]
[Black "Gevorgyan, Maria"]
[Result "0-1"]
[WhiteTitle "WFM"]
[BlackTitle "WGM"]
[WhiteElo "1758"]
[BlackElo "2219"]
[WhiteFideId "2109808"]
[BlackFideId "13300270"]
[EventDate "2021.06.03"]

1. e4 c5 2. Nf3 Nc6 3. d4 cxd4 4. Nxd4 g6 5. Nc3 Nf6 6. Be3 Bg7 7. f3 O-O 8. Qd2
d5 9. exd5 Nxd5 10. Nxd5 Qxd5 11. O-O-O Qxa2 12. c3 Na5 13. Qc2 Bxd4 14. Rxd4
Nb3+ 15. Kd1 Nxd4 16. Bxd4 Be6 17. Qd2 Rad8 18. Qh6 Bb3+ 19. Ke2 Qxb2+ 20. Ke3
e5 21. Bxe5 Qd2+ 0-1

[Event "Women's Speed Chess Q4"]
[Site "chess.com INT"]
[Date "2021.06.03"]
[Round "3"]
[White "Golubenko, Valentina"]
[Black "Belenkaya, Dina"]
[Result "0-1"]
[WhiteTitle "WGM"]
[BlackTitle "WGM"]
[WhiteElo "2209"]
[BlackElo "2304"]
[WhiteFideId "4501993"]
[BlackFideId "24142654"]
[EventDate "2021.06.03"]

1. d4 d5 2. g3 c6 3. Bg2 Nf6 4. Nf3 Bg4 5. Ne5 Bf5 6. O-O Nbd7 7. c4 e6 8. Nxd7
Qxd7 9. Nc3 Be7 10. Re1 O-O 11. Bf4 dxc4 12. e4 Bg6 13. a4 Rfd8 14. Be3 Bb4 15.
Qe2 Bxc3 16. bxc3 Bxe4 17. Bg5 Bd3 18. Qf3 Qe7 19. Bf1 Bxf1 20. Rxf1 Rd5 21.
Bxf6 Qxf6 22. Qe2 b5 23. Rfb1 a6 24. Rb2 h5 25. h4 Qf5 26. Rba2 Rad8 27. axb5
axb5 28. Ra6 c5 29. dxc5 Rxc5 30. Ra8 Rd5 31. Rxd8+ Rxd8 32. Ra5 Rd3 0-1

[Event "Women's Speed Chess Q4"]
[Site "chess.com INT"]
[Date "2021.06.03"]
[Round "3"]
[White "Pavlidou, Ekaterini"]
[Black "Antolak, Julia"]
[Result "0-1"]
[WhiteTitle "WIM"]
[BlackTitle "WIM"]
[WhiteElo "2157"]
[BlackElo "2306"]
[WhiteFideId "4213262"]
[BlackFideId "1159569"]
[EventDate "2021.06.03"]

1. d4 Nf6 2. c4 c5 3. d5 b5 4. cxb5 a6 5. bxa6 g6 6. Nc3 Bg7 7. Nf3 O-O 8. e4
Qa5 9. Bd2 Bxa6 10. Bxa6 Qxa6 11. Qe2 e6 12. Qxa6 Nxa6 13. d6 Ne8 14. e5 f6 15.
O-O-O fxe5 16. Bg5 Nb4 17. Be7 Rf7 18. a3 Nc6 19. Ng5 Rxf2 20. Nce4 Rxg2 21.
Nxc5 Nd4 22. Kb1 Rc8 23. Rc1 Rb8 24. b4 Nb5 25. a4 Na3+ 26. Ka1 e4+ 0-1

[Event "Women's Speed Chess Q4"]
[Site "chess.com INT"]
[Date "2021.06.03"]
[Round "3"]
[White "Kazarian, Anna-Maja"]
[Black "Zaksaite, Salomeja"]
[Result "1-0"]
[WhiteTitle "FM"]
[BlackTitle "WIM"]
[WhiteElo "2096"]
[BlackElo "2202"]
[WhiteFideId "1033689"]
[BlackFideId "12801496"]
[EventDate "2021.06.03"]

1. e4 c5 2. Nf3 e6 3. d4 cxd4 4. Nxd4 Nf6 5. Bd3 Nc6 6. Be3 d5 7. Nxc6 bxc6 8.
Nd2 Bd6 9. h3 O-O 10. O-O e5 11. Bg5 h6 12. Bh4 Be6 13. Qf3 Be7 14. Bg3 Nd7 15.
Rfe1 f6 16. Qe2 Rb8 17. Rab1 Nc5 18. f4 Nxd3 19. cxd3 dxe4 20. dxe4 Bxa2 21.
Rbd1 exf4 22. Bxf4 Rxb2 23. Qg4 Qc8 24. Qg3 Kh7 25. Nf3 g5 26. Be3 Be6 27. Bd4
Rb4 28. h4 g4 29. Nh2 c5 30. Be3 f5 31. exf5 Bxf5 32. Bxh6 Kxh6 33. Rxe7 Rf6 34.
Qe3+ 1-0

[Event "Women's Speed Chess Q4"]
[Site "chess.com INT"]
[Date "2021.06.03"]
[Round "3"]
[White "Potapova, Margarita"]
[Black "Avramidou, Anastasia"]
[Result "1-0"]
[WhiteTitle "WIM"]
[BlackTitle "FM"]
[WhiteElo "2252"]
[BlackElo "2238"]
[WhiteFideId "14126869"]
[BlackFideId "4239873"]
[EventDate "2021.06.03"]

1. d4 Nf6 2. c4 g6 3. Nc3 d5 4. cxd5 Nxd5 5. e4 Nxc3 6. bxc3 Bg7 7. Be3 O-O 8.
Nf3 c5 9. Be2 Nc6 10. O-O Qc7 11. d5 Ne5 12. Nxe5 Bxe5 13. f4 Bxc3 14. Rc1 Bg7
15. Rxc5 Qd8 16. e5 b6 17. Rc1 Bb7 18. Bf3 Rc8 19. Rxc8 Qxc8 20. Qa4 Qa8 21. Rd1
Rd8 22. Qb3 g5 23. a4 gxf4 24. Bxf4 Qc8 25. d6 Bxf3 26. Qxf3 exd6 27. exd6 Qf5
28. Qg3 Rd7 29. Re1 Kf8 30. Kh1 h5 31. Qf3 Kg8 32. h3 Kh7 33. Re7 Rxe7 34. dxe7
Qb1+ 35. Kh2 1-0

[Event "Women's Speed Chess Q4"]
[Site "chess.com INT"]
[Date "2021.06.03"]
[Round "3"]
[White "Papp, Petra"]
[Black "Tokhirjonova, Gulrukhbegim"]
[Result "0-1"]
[WhiteTitle "WGM"]
[BlackTitle "WGM"]
[WhiteElo "2336"]
[BlackElo "2350"]
[WhiteFideId "739049"]
[BlackFideId "14203626"]
[EventDate "2021.06.03"]

1. e4 e5 2. Nf3 Nc6 3. Bc4 Bc5 4. b4 Bxb4 5. c3 Ba5 6. d4 Bb6 7. O-O d6 8. Qb3
Qf6 9. dxe5 dxe5 10. Na3 Nge7 11. Bg5 Qg6 12. Bxe7 Kxe7 13. Nb5 Rd8 14. Qa3+ Ke8
15. Kh1 Bg4 16. Be2 a6 17. Nh4 Qxe4 18. Bxg4 Qxg4 19. Nf3 axb5 20. Qb3 b4 21.
Rae1 Kf8 22. Nxe5 Nxe5 23. Rxe5 bxc3 24. Qxc3 Qd4 25. Qg3 Kg8 26. Rh5 g6 27. Rb5
Rxa2 28. h4 Ra1 29. Rxa1 Qxa1+ 30. Kh2 Qf6 31. h5 Bxf2 32. Qg4 Qh4+ 33. Qxh4
Bxh4 34. hxg6 hxg6 35. Rxb7 Rc8 36. Kh3 Be7 37. Kg4 Bd6 38. Kg5 Re8 39. g4 Kg7
40. Rxc7 Bxc7 0-1

[Event "Women's Speed Chess Q4"]
[Site "chess.com INT"]
[Date "2021.06.03"]
[Round "3"]
[White "Nandhidhaa, P V"]
[Black "Zawadzka, Jolanta"]
[Result "0-1"]
[WhiteTitle "WGM"]
[BlackTitle "WGM"]
[WhiteElo "2365"]
[BlackElo "2399"]
[WhiteFideId "5050847"]
[BlackFideId "1122320"]
[EventDate "2021.06.03"]

1. e4 c6 2. d4 d5 3. e5 c5 4. dxc5 Nc6 5. Nc3 e6 6. Nf3 Bxc5 7. Bd3 Nge7 8. O-O
Ng6 9. Qe2 O-O 10. a3 f5 11. b4 Bb6 12. Na4 Nd4 13. Nxd4 Bxd4 14. Bb2 Bxb2 15.
Nxb2 Nf4 16. Qf3 Qg5 17. Qg3 Qh6 18. Rfe1 Bd7 19. Bf1 Rac8 20. c4 dxc4 21. Nxc4
Bc6 22. Nd6 Rcd8 23. b5 Bd5 24. Rad1 g5 25. f3 Qg7 26. Qf2 b6 27. Qc2 Ng6 28.
Qc3 Nxe5 29. Qxe5 Qxe5 30. Rxe5 Rxd6 0-1

[Event "Women's Speed Chess Q4"]
[Site "chess.com INT"]
[Date "2021.06.03"]
[Round "3"]
[White "Dordzhieva, Dinara"]
[Black "Fominykh, Maria"]
[Result "1-0"]
[WhiteTitle "WGM"]
[BlackTitle "WGM"]
[WhiteElo "2334"]
[BlackElo "2206"]
[WhiteFideId "24157570"]
[BlackFideId "4142411"]
[EventDate "2021.06.03"]

1. Nf3 Nf6 2. c4 g6 3. g3 Bg7 4. d4 O-O 5. Bg2 d6 6. Nc3 Nc6 7. O-O a6 8. Qd3
Bf5 9. e4 Bg4 10. Be3 e5 11. d5 Bxf3 12. Bxf3 Nd4 13. Bxd4 exd4 14. Qxd4 Re8 15.
Qd2 b5 16. cxb5 axb5 17. a3 Qb8 18. b4 Nd7 19. Rfc1 Nb6 20. Be2 Bxc3 21. Rxc3
Rxe4 22. Bxb5 Na4 23. Bxa4 Rxa4 24. Rac1 Re7 25. Re1 Qe8 26. Rce3 Re5 27. Rxe5
dxe5 28. Qc3 f6 29. Qxc7 Rxa3 30. d6 Rd3 31. Ra1 Qf7 32. Qb8+ Qf8 33. Qc7 Rxd6
34. Ra7 Rd1+ 35. Kg2 Qd8 36. Qg7# 1-0

[Event "Women's Speed Chess Q4"]
[Site "chess.com INT"]
[Date "2021.06.03"]
[Round "3"]
[White "Chitlange, Sakshi"]
[Black "Varney, Zoe"]
[Result "1-0"]
[WhiteTitle "WIM"]
[BlackTitle "WCM"]
[WhiteElo "2167"]
[BlackElo "1917"]
[WhiteFideId "35002899"]
[BlackFideId "436135"]
[EventDate "2021.06.03"]

1. d4 d5 2. c4 dxc4 3. Nf3 Nf6 4. e3 e6 5. Bxc4 Bd6 6. O-O O-O 7. b3 a6 8. Bb2
b5 9. Be2 Bb7 10. Nbd2 c5 11. Rc1 cxd4 12. Nxd4 Nbd7 13. N2f3 Rc8 14. Nxe6 Bxh2+
15. Nxh2 fxe6 16. Bf3 Nd5 17. Qd4 Qg5 18. Rxc8 Rxc8 19. Ng4 h5 20. Ne5 N7f6 21.
Nd3 Rc2 22. Rc1 Rd2 23. Qe5 Qxe5 24. Nxe5 Rxb2 25. a4 Rxb3 26. axb5 Rxb5 27. Be2
Rb2 28. Bc4 Kh7 29. Bd3+ Kh6 30. Nf7# 1-0

[Event "Women's Speed Chess Q4"]
[Site "chess.com INT"]
[Date "2021.06.03"]
[Round "3"]
[White "Mammadova, Gulnar"]
[Black "Nurmanova, Alua"]
[Result "1-0"]
[WhiteTitle "IM"]
[BlackTitle "WFM"]
[WhiteElo "2382"]
[BlackElo "2008"]
[WhiteFideId "13403508"]
[BlackFideId "13729390"]
[EventDate "2021.06.03"]

1. e4 c5 2. Nf3 d6 3. Bb5+ Nc6 4. d4 cxd4 5. Qxd4 Bd7 6. Bxc6 Bxc6 7. Nc3 Nf6 8.
Bg5 e6 9. Qd3 Be7 10. O-O-O O-O 11. Nd4 Qa5 12. f4 Rac8 13. Kb1 Rfd8 14. Nb3 Qc7
15. h4 a6 16. h5 h6 17. Bh4 b5 18. a3 Ba8 19. g4 d5 20. e5 Ne4 21. Bxe7 Qxe7 22.
Nxe4 dxe4 23. Qe3 b4 24. axb4 Qxb4 25. g5 a5 26. gxh6 a4 27. Qg3 Qf8 28. hxg7
Qxg7 29. Qh2 Qh6 30. Rhg1+ Kh8 31. Nd4 a3 32. bxa3 Rb8+ 33. Kc1 Qf8 34. Qg3 e3
35. Qxe3 Bd5 36. f5 Ba2 37. Rd3 Rb1+ 38. Kd2 Rxg1 39. Qxg1 Qxa3 40. Rxa3 1-0

[Event "Women's Speed Chess Q4"]
[Site "chess.com INT"]
[Date "2021.06.03"]
[Round "3"]
[White "Linares Napoles, Oleiny"]
[Black "Nguyen, Thi Mai Hung"]
[Result "1-0"]
[WhiteTitle "WGM"]
[BlackTitle "WGM"]
[WhiteElo "2255"]
[BlackElo "2254"]
[WhiteFideId "3504794"]
[BlackFideId "12401676"]
[EventDate "2021.06.03"]

1. d4 d5 2. Bf4 Nf6 3. e3 c6 4. c4 Bf5 5. Nc3 e6 6. Qb3 Qb6 7. c5 Qxb3 8. axb3
Nbd7 9. h3 a6 10. b4 Rc8 11. Nf3 Be7 12. Nd2 O-O 13. Nb3 Bd8 14. Na5 Bxa5 15.
bxa5 Rfe8 16. Bd6 e5 17. Kd2 Ne4+ 18. Nxe4 Bxe4 19. f3 Bg6 20. Ra4 exd4 21. exd4
Ra8 22. Rb4 Ra7 23. Be2 Nf8 24. g4 h5 25. Re1 hxg4 26. hxg4 Ne6 27. Bd1 f6 28.
f4 Be4 29. Re3 f5 30. g5 g6 31. Rh3 Rd8 32. Be5 Rd7 33. Rh8+ Kf7 34. Rb3 Rd8 35.
Rh7+ Ke8 36. Rbxb7 Rxb7 37. Rxb7 Ra8 38. Ba4 Rc8 39. Ke3 Nd8 40. Ra7 Bb1 41.
Rxa6 Ba2 42. Ra7 Bc4 43. b3 Bf1 44. Rg7 1-0

[Event "Women's Speed Chess Q4"]
[Site "chess.com INT"]
[Date "2021.06.03"]
[Round "3"]
[White "Nguyen, Thi Thanh An"]
[Black "Von Herman, Brigitte"]
[Result "0-1"]
[WhiteTitle "WGM"]
[BlackTitle "WFM"]
[WhiteElo "2259"]
[BlackElo "1991"]
[WhiteFideId "12400300"]
[BlackFideId "4628730"]
[EventDate "2021.06.03"]

1. d4 d5 2. Bf4 Bg4 3. h3 Bh5 4. c3 Nc6 5. Nd2 e6 6. Ngf3 Bd6 7. e3 Nge7 8. Bd3
Bg6 9. Be2 O-O 10. Ne5 Bxe5 11. dxe5 a6 12. Bg3 Rb8 13. f4 Nf5 14. Bf2 h6 15.
O-O Qd7 16. g4 Nfe7 17. Nf3 Be4 18. Nd2 Bh7 19. Bf3 Na5 20. Qe2 c5 21. Rad1 Qa4
22. a3 Rfd8 23. e4 Qc6 24. exd5 exd5 25. Bg3 Rbc8 26. f5 Qb6 27. Kh2 Qxb2 28. f6
Nec6 29. fxg7 Qxc3 30. Qg2 Nxe5 31. Bxd5 Bg6 0-1

[Event "Women's Speed Chess Q4"]
[Site "chess.com INT"]
[Date "2021.06.03"]
[Round "3"]
[White "Tomilova, Elena"]
[Black "Vargas, Gabriela"]
[Result "0-1"]
[WhiteTitle "WGM"]
[BlackTitle "WIM"]
[WhiteElo "2338"]
[BlackElo "2170"]
[WhiteFideId "4162340"]
[BlackFideId "3700860"]
[EventDate "2021.06.03"]

1. c4 e6 2. Nf3 d5 3. b3 Nf6 4. g3 c6 5. Bg2 Bd6 6. Bb2 O-O 7. O-O a5 8. a3 Nbd7
9. e3 Qe7 10. d4 Ne4 11. Nfd2 Ndf6 12. f3 Nxd2 13. Nxd2 e5 14. Re1 Re8 15. cxd5
cxd5 16. dxe5 Bxe5 17. Qb1 Bf5 18. Qa2 Rac8 19. e4 dxe4 20. fxe4 Qc5+ 21. Kh1
Ng4 22. h3 Nf2+ 23. Kh2 Bxb2 24. Qxb2 Nd3 25. Qb1 Nxe1 26. Qxe1 Bg6 27. Nc4 b6
28. e5 a4 29. Qf1 axb3 30. Nd6 Qxe5 31. Nxc8 Rxc8 32. Re1 Qc7 33. Qe2 h6 34. Qb5
Qc2 35. Qxb6 b2 36. Qb5 b1=Q 0-1

[Event "Women's Speed Chess Q4"]
[Site "chess.com INT"]
[Date "2021.06.03"]
[Round "3"]
[White "Morris-Suzuki, Sophie"]
[Black "Doluhanova, Evgeniya"]
[Result "1/2-1/2"]
[WhiteTitle "WFM"]
[BlackTitle "WGM"]
[WhiteElo "2043"]
[BlackElo "2207"]
[WhiteFideId "30922615"]
[BlackFideId "14112035"]
[EventDate "2021.06.03"]

1. e4 e5 2. Nf3 Nc6 3. Bc4 Bc5 4. O-O Nf6 5. d4 Bxd4 6. Nxd4 Nxd4 7. Bg5 h6 8.
Bh4 g5 9. f4 d5 10. exd5 Nxd5 11. fxe5 gxh4 12. Qxd4 Be6 13. Nd2 c6 14. Ne4 Qb6
15. Nd6+ Ke7 16. Qxb6 axb6 17. Bb3 Rhg8 18. Rae1 h3 19. g3 h5 20. c4 Nb4 21. a3
Nd3 22. Re2 h4 23. Rf3 Nc5 24. Ba2 Raf8 25. Ref2 hxg3 26. hxg3 Rg5 27. b4 Nd7
28. Nf5+ Kd8 29. Nd4 Ke7 30. Nf5+ Bxf5 31. Rxf5 Rxg3+ 32. Kh2 Rxa3 33. c5 bxc5
34. bxc5 Nxc5 35. Bxf7 Ne4 36. R2f4 Ng5 37. e6 Nxf7 38. exf7 Re3 39. Rb4 b5 40.
Rbf4 Re6 41. Kxh3 Rg6 42. Re4+ Re6 43. Ref4 Rg6 44. Re5+ Re6 45. Ref5 1/2-1/2

[Event "Women's Speed Chess Q4"]
[Site "chess.com INT"]
[Date "2021.06.03"]
[Round "3"]
[White "Ambartsumova, Karina"]
[Black "Sliwicka, Alicja"]
[Result "1-0"]
[WhiteTitle "IM"]
[BlackTitle "WIM"]
[WhiteElo "2382"]
[BlackElo "2346"]
[WhiteFideId "4166299"]
[BlackFideId "1150677"]
[EventDate "2021.06.03"]

1. c4 c5 2. Nf3 Nc6 3. d4 cxd4 4. Nxd4 e5 5. Nb5 d6 6. N1c3 a6 7. Na3 Nf6 8. g3
Be7 9. Bg2 O-O 10. O-O Be6 11. b3 Nd7 12. Nc2 f5 13. Nd5 Nf6 14. Ba3 Bxd5 15.
cxd5 Nb8 16. Ne3 g6 17. Rc1 Nbd7 18. Nc4 Nb6 19. Nxe5 dxe5 20. d6 Bxd6 21. Bxd6
e4 22. Bxf8 Qxf8 23. Qd4 Nbd5 24. Rfd1 Re8 25. Rc5 Ne7 26. Rc7 b5 27. Qc5 e3 28.
fxe3 Ng4 29. h3 Nf6 30. Bb7 h5 31. Bxa6 h4 32. Bxb5 Ne4 33. Qc4+ Kh8 34. Bxe8
Qxe8 35. Qe6 Qa8 36. Qe5+ Kg8 37. Qxe7 hxg3 38. Qg7# 1-0

[Event "Women's Speed Chess Q4"]
[Site "chess.com INT"]
[Date "2021.06.03"]
[Round "3"]
[White "Bodnaruk, Anastasia"]
[Black "Pourkashiyan, Atousa"]
[Result "1-0"]
[WhiteTitle "IM"]
[BlackTitle "WGM"]
[WhiteElo "2457"]
[BlackElo "2322"]
[WhiteFideId "4181751"]
[BlackFideId "12502014"]
[EventDate "2021.06.03"]

1. e4 c5 2. b3 Nc6 3. Bb2 e5 4. Bc4 Nf6 5. d3 d6 6. Nf3 Be7 7. O-O O-O 8. h3 a6
9. a4 Rb8 10. Nc3 Nd4 11. Nd5 Nxd5 12. Bxd5 Be6 13. a5 Bxd5 14. exd5 Nxf3+ 15.
Qxf3 f5 16. Ra4 Qe8 17. g3 Qg6 18. Kh2 Bg5 19. Bc1 Bxc1 20. Rxc1 Qg5 21. Re1 Qd2
22. Qe2 Qxe2 23. Rxe2 Kf7 24. Kg2 Rfe8 25. b4 Rbc8 26. bxc5 Rxc5 27. c4 Rec8 28.
Rb4 R8c7 29. Reb2 Rxa5 30. Rxb7 Rc5 31. R7b6 Rd7 32. Rxa6 e4 33. dxe4 fxe4 34.
Rb4 Ke7 35. Kf1 Rdc7 36. Raa4 Kf6 37. Ke2 Ke5 38. Ke3 Rf7 39. Rb8 Rf3+ 40. Ke2
Rc3 41. Rb7 g5 42. Rxh7 Rc2+ 43. Kf1 R2xc4 44. Rxc4 Rxc4 45. Rg7 Kxd5 46. Rxg5+
Kd4 47. h4 1-0